Štruktúra a predĺženie príležitostí
Nové príležitosti na podnikanie. Potenciál trhu. Podiely na trhu. Prieskum trhu. Kritériá investorov pre vstup do rizikového kapitálu. Realizácia príležitostí podnikateľov na podnikanie s najnižšími možnými nákladmi. Riadenie rizika. Podnikateľský zámer. Financovanie podnikania.
Enregistré dans:
| Format: | Chapitre de livre |
|---|---|
| Langue: | slovaque |
| Sujets: | |
| Tags: |
Pas de tags, Soyez le premier à ajouter un tag!
|
MARC
| LEADER | 00000naa a2200000 4500 | ||
|---|---|---|---|
| 001 | r034342 | ||
| 005 | 20230919123753.4 | ||
| 041 | 0 | |a slo | |
| 044 | |a SK | ||
| 245 | 1 | 0 | |a Štruktúra a predĺženie príležitostí |
| 520 | |a Nové príležitosti na podnikanie. Potenciál trhu. Podiely na trhu. Prieskum trhu. Kritériá investorov pre vstup do rizikového kapitálu. Realizácia príležitostí podnikateľov na podnikanie s najnižšími možnými nákladmi. Riadenie rizika. Podnikateľský zámer. Financovanie podnikania. | ||
| 610 | 2 | 0 | |a podnikanie |
| 610 | 2 | 0 | |a podnikatelia |
| 610 | 2 | 0 | |a podnik |
| 610 | 2 | 0 | |a stratégia podniková |
| 610 | 2 | 0 | |a riziko podnikateľské |
| 610 | 2 | 0 | |a trh |
| 610 | 2 | 0 | |a podiely na zisku |
| 610 | 2 | 0 | |a prieskum trhu |
| 610 | 2 | 0 | |a investori |
| 610 | 2 | 0 | |a investovanie |
| 610 | 2 | 0 | |a riadenie podnikové |
| 610 | 2 | 0 | |a zámery podnikateľské |